Traducere Navem : (Record no. 55643)
[ view plain ]
| 000 -LEADER | |
|---|---|
| fixed length control field | 00899nam a22002297a 4500 |
| 003 - CONTROL NUMBER IDENTIFIER | |
| control field | OSt |
| 005 - DATE AND TIME OF LATEST TRANSACTION | |
| control field | 20121211161959.0 |
| 008 - FIXED-LENGTH DATA ELEMENTS--GENERAL INFORMATION | |
| fixed length control field | 121211t xxu||||| |||| 00| 0 eng d |
| 040 ## - CATALOGING SOURCE | |
| Original cataloging agency | AIU Library - Kenya |
| Transcribing agency | AIU Library - Kenya |
| Modifying agency | AIU Library - Kenya |
| 050 14 - LIBRARY OF CONGRESS CALL NUMBER | |
| Classification number | P306 |
| Item number | .T73 1993 |
| 245 ## - TITLE STATEMENT | |
| Title | Traducere Navem : |
| Remainder of title | Festschrift für Katharina Reiss zum 70. Geburtstag / |
| Statement of responsibility, etc | Justa Holz-Mänttäri und Christiane Nord (Hrsg.). |
| 260 ## - PUBLICATION, DISTRIBUTION, ETC. (IMPRINT) | |
| Place of publication, distribution, etc | Tampere : |
| Name of publisher, distributor, etc | Tampereen yliopisto, |
| Date of publication, distribution, etc | 1993. |
| 300 ## - PHYSICAL DESCRIPTION | |
| Extent | vii, 466 p. : |
| Other physical details | ill. ; |
| Dimensions | 25 cm. |
| 440 0# - SERIES STATEMENT/ADDED ENTRY--TITLE | |
| Title | Studia translatologica. |
| Number of part/section of a work | Ser. A ; |
| Volume number/sequential designation | vol. 3 |
| 9 (RLIN) | 19793 |
| 504 ## - BIBLIOGRAPHY, ETC. NOTE | |
| Bibliography, etc | Includes bibliographical references. |
| 546 ## - LANGUAGE NOTE | |
| Language note | Essays in German, English, French, and Spanish. |
| 650 00 - SUBJECT ADDED ENTRY--TOPICAL TERM | |
| Topical term or geographic name as entry element | Translating and interpreting. |
| 9 (RLIN) | 137 |
| 700 1# - ADDED ENTRY--PERSONAL NAME | |
| Personal name | Holz-Mänttäri, Justa. |
| 9 (RLIN) | 19794 |
| 700 1# - ADDED ENTRY--PERSONAL NAME | |
| Personal name | Nord, Christiane. |
| 9 (RLIN) | 12736 |
| 700 1# - ADDED ENTRY--PERSONAL NAME | |
| Personal name | Reiss, Katharina. |
| 9 (RLIN) | 19795 |
| 942 ## - ADDED ENTRY ELEMENTS (KOHA) | |
| Source of classification or shelving scheme | Library of Congress Classification |
| Koha item type | Books |
| Withdrawn status | Lost status | Source of classification or shelving scheme | Damaged status | Not for loan | Collection code | Home library | Current library | Shelving location | Date acquired | Source of acquisition | Cost, normal purchase price | Total Checkouts | Full call number | Barcode | Date last seen | Copy number | Price effective from | Koha item type |
|---|---|---|---|---|---|---|---|---|---|---|---|---|---|---|---|---|---|---|
| Library of Congress Classification | General Circulation | AIU/NEGST - Tony Wilmot Memorial Library | AIU/NEGST - Tony Wilmot Memorial Library | General Stacks | 12/11/2012 | Gift - SIL | 50.00 | P 306.T73 1993 | R59150Y3232 | 09/26/2019 | 1 | 12/11/2012 | Books |
